000 01177cam a2200337 a 4500
001 16226866
005 20131028125642.0
008 100511s2009 enka rb 001 0 eng
010 _a 2009902793
020 _a0077138619
020 _a9780077138615
040 _aDLC
_cDLC
042 _apcc
050 0 0 _aTA1637
_b.G66 2009
082 _222
_a621.367
_bGON
100 1 _aGonzalez, Rafael C.
_934247
245 1 0 _aDigital Image processing using MATLAB /
_cRafael C. Gonzalez, Richard E. Woods, Steven L. Eddins.
250 _a2nd ed.
260 _aBerkshire :
_bMcGraw-Hill,
_c2011
300 _aXVIII, 738 :
_bIll., graph. Darst ;
_c25 cm.
504 _aIncludes bibliographical references (p. 725-728) and index.
630 0 0 _aMATLAB.
_934248
650 0 _aImage processing
_xDigital techniques.
_934249
650 0 _aImage processing
_xMathematics.
_929464
653 _bCS
_cOctober2013
655 _vreading book
_934232
700 1 _aWoods, Richard E.
_q(Richard Eugene),
_d1954-
_934250
700 1 _aEddins, Steven L.,
_d1964-
_934251
942 _2ddc
_cBB
999 _c17691
_d17663